europäische Länder, die mit "n" enden - Statistiken

Allgemein
  • Dieses Quiz wurde 62 mal gespielt
    14 seit der letzten Aktualisierung
  • Das Durchschnittsergebnis liegt bei 16 aus 18
Antwortstatistiken
Hint Antwort % Korrekt
7.100.000 Bulgarien
92%
4.200.000 Kroatien
92%
5.300.000 Norwegen
92%
38.200.000 Polen
92%
19.700.000 Rumänien
92%
9.900.000 Schweden
92%
6.900.000 Serbien
92%
46.400.000 Spanien
92%
10.600.000 Tschechien
92%
2.900.000 Albanien
85%
11.400.000 Belgien
85%
<100.000 Liechtenstein
85%
2.100.000 Slowenien
85%
9.700.000 Ungarn
85%
59.400.000 Italien
77%
2.900.000 Litauen
77%
3.600.000 Moldawien
77%
2.100.000 Nordmazedonien
77%
Keine übereinstimmenden Quizze gefunden
Verteilung der Resultate
Anzahl Personen mit jedem Resultat
Perzentil nach korrekt beantworteten Fragen
Ihre Resultats-Entwicklung
Sie haben dieses Quiz seit der letzten Aktualisierung nicht gespielt